000 00884nam a2200205 a 4500
003 0
005 20250426110334.0
008 970114s19uu xx 00 eng d
050 _aPGS HM 741.7.M6
_b.D332 2003
100 _aDela Cruz, Michael John C.
245 _aMale and female relationship acquired through modern communication technology :
_bas perceived by fourth year students of Southville International School SY 2002-2003 /
_cMichael John C. Dela Cruz.
260 _aLas PiƱas City, Philippines :
_bSouthville International School and Colleges,
_c2003.
300 _a24 pages :
_billustrations ;
_c28 cm.
504 _aIncludes bibliographical references.
650 _aInterpersonal relations
_vSocial aspects.
650 _aGender relations.
650 _aSocial media
_vSocial aspects.
650 _aMobile communication systems
_vSocial aspects.
942 _2lcc
_cPASS
999 _c96853
_d96853